| 000 | 01603nam a22002537a 4500 | ||
|---|---|---|---|
| 008 | 251013b |||||||| |||| 00| 0 eng d | ||
| 020 | _a9781509553846 | ||
| 040 | _ctbs | ||
| 041 | _aeng | ||
| 050 |
_aTT507 _b.M37 2023 |
||
| 100 |
_aMcRobbie, Angela _926082 _eauthor |
||
| 245 |
_aFashion as creative economy _b: microenterprises in London, Berlin and Milan _c/ Angela McRobbie, Daniel Strutt and Carolina Bandinelli. |
||
| 260 |
_aCambridge ; Hoboken, NJ : _bPolity Press, _c2023. |
||
| 300 |
_avii, 195 pages : _billustrations ; _c22 cm. |
||
| 504 | _aIncludes bibliographical references and index. | ||
| 520 | _aThis book contributes to a new sociology of fashion. Focusing on the working lives of independent designers and drawing on ethnographic research and interviews carried out in London, Berlin and Milan, the authors consider the urban policy regimes in place in these cities. They analyse how these regimes shape the microenterprises and the emerging political economy, as well as the structures needed for designers to flourish. They also develop several key concepts - the "milieu of fashion labour", "social fashion" and "fashion diversity - and chart the new world of digital fashion-tech and e-commerce. | ||
| 650 | 0 |
_aFashion _xEconomic aspects _zLondon (England) _926083 |
|
| 650 | 0 |
_aClothing trade _zLondon (England) _926084 |
|
| 650 | 0 |
_aFashion _xEconomic aspects _zBerlin (Germany) _926085 |
|
| 650 | 0 |
_aClothing trade _zBerlin (Germany) _926086 |
|
| 650 | 0 |
_aFashion _xEconomic aspects _zMilan (Italy) _926087 |
|
| 650 | 0 |
_aClothing trade _zMilan (Italy) _926088 |
|
| 942 | _2lcc | ||
| 999 |
_c5025 _d5025 |
||